[Event "Lisbon Portugal rapid 2op"]
[Site "Lisbon"]
[Date "2020.02.02"]
[Round "1"]
[White "Martins, Bruno Andre Leite"]
[Black "Sousa, Vasco Peixoto C Egi"]
[Result "1-0"]
[WhiteElo "2206"]
[BlackElo "1567"]
[PlyCount "40"]
[EventDate "2020.01.02"]
[EventType "swiss (rapid)"]
[EventRounds "8"]
[EventCountry "POR"]
[SourceTitle "CBM 194 Extra"]
[Source "ChessBase"]
[SourceDate "2020.03.31"]
[SourceVersion "1"]
[SourceVersionDate "2020.03.31"]
[SourceQuality "1"]

1. e4 e6 2. d4 d5 3. Nd2 c5 4. exd5 exd5 5. Ngf3 cxd4 6. Nb3 Bb4+ 7. Bd2 Qb6 8. Nfxd4 Nf6 9. Bb5+ Bd7 10. Qe2+ Be7 11. Bxd7+ Nbxd7 12. Nf5 Ne4 13. Nxe7 Kxe7 14. f3 Ndf6 15. fxe4 Nxe4 16. Be3 Qf6 17. 0-0-0 Rhd8 18. Bc5+ Ke8 19. Rhe1 b6 20. Qb5+ Rd7 1-0